000 00258nam a22001097a 4500
008 170111b xxu||||| |||| 00| 0 eng d
020 _a9780781752176
041 _aeng
080 _25TH
_a618.2
245 _aFUNDAMENTALS OF NURSING
_cTAYLOR, C
942 _2udc
_cBK
999 _c2716
_d2716